| 000 | 00600nam a22001817a 4500 | ||
|---|---|---|---|
| 005 | 20251108174845.0 | ||
| 008 | 250721s2000 xx 000 0 ara d | ||
| 082 | 1 | 4 | _a306.87/نحو |
| 100 | 1 |
_aبدران، فاروق _eمحرر |
|
| 245 | 1 | 0 | _aنحو علاقات اسرية رشيدة العلاقة مع الحماة / |
| 264 | 1 |
_aعمان : _bجمعية العفاف الخيرية، _c2000. |
|
| 300 | _a121ص. | ||
| 650 | 1 | 7 | _aالعلاقات داخل الاسرة |
| 650 | 1 | 7 | _aبيئة الاسرة |
| 700 | 1 |
_aسرحان، مفيد _eمحرر |
|
| 942 |
_2ddc _cBK |
||
| 999 |
_c119873 _d119873 |
||